<?xml version="1.0" encoding="UTF-8"?><?xml-stylesheet type="text/xsl" href="static/style.xsl"?><OAI-PMH xmlns="http://www.openarchives.org/OAI/2.0/" xmlns:xsi="http://www.w3.org/2001/XMLSchema-instance" xsi:schemaLocation="http://www.openarchives.org/OAI/2.0/ http://www.openarchives.org/OAI/2.0/OAI-PMH.xsd"><responseDate>2026-04-13T06:09:58Z</responseDate><request verb="GetRecord" identifier="oai:www.recercat.cat:2117/444444" metadataPrefix="marc">https://recercat.cat/oai/request</request><GetRecord><record><header><identifier>oai:recercat.cat:2117/444444</identifier><datestamp>2025-10-26T13:45:54Z</datestamp><setSpec>com_2072_1033</setSpec><setSpec>col_2072_452951</setSpec></header><metadata><record xmlns="http://www.loc.gov/MARC21/slim" xmlns:dcterms="http://purl.org/dc/terms/" xmlns:xsi="http://www.w3.org/2001/XMLSchema-instance" xmlns:doc="http://www.lyncode.com/xoai" xsi:schemaLocation="http://www.loc.gov/MARC21/slim http://www.loc.gov/standards/marcxml/schema/MARC21slim.xsd">
   <leader>00925njm 22002777a 4500</leader>
   <datafield ind2=" " ind1=" " tag="042">
      <subfield code="a">dc</subfield>
   </datafield>
   <datafield ind2=" " ind1=" " tag="720">
      <subfield code="a">Costa i Santamaria, Adrià</subfield>
      <subfield code="e">author</subfield>
   </datafield>
   <datafield ind2=" " ind1=" " tag="260">
      <subfield code="c">2025-07</subfield>
   </datafield>
   <datafield ind2=" " ind1=" " tag="520">
      <subfield code="a">This document includes and explains the final project of the master’s degree in Automatic Control and Robotics. The aim of this is the creation of an algorithm that improves the location of individuals with low vision. The methodology used consists of the realization of several successive phases that, in a final instance, allow to reach the objective set. First, research is carried out on the different navigation and location solutions that exist today. Next, three localization correction methods are proposed, based on visual odometry, cartographic information and image segmentation. Using these data, the three models proposed are based on limiting the location to the transitable areas of the map. Correct the location on the sidewalk using the lateral distances at the ends of it. And calculate the rotation and translation necessary to align the margins of the cartographic sidewalk with the segmented mask from the real images. Due to the concretion of the problem raised, a database with sequences transiting sidewalks has been created to evaluate the developed methods. To validate the different methods, recorded sequences have been used, and different metrics have been evaluated for each of the sequences. Finally, the obtained result presents different methods that allow the improvement of the location, although it opens the doors to continue developing solutions that improve not only the correction itself, but the data used for it.</subfield>
   </datafield>
   <datafield ind1="8" ind2=" " tag="024">
      <subfield code="a">http://hdl.handle.net/2117/444444</subfield>
   </datafield>
   <datafield tag="653" ind2=" " ind1=" ">
      <subfield code="a">Àrees temàtiques de la UPC::Enginyeria biomèdica</subfield>
   </datafield>
   <datafield tag="653" ind2=" " ind1=" ">
      <subfield code="a">People with visual disabilities</subfield>
   </datafield>
   <datafield tag="653" ind2=" " ind1=" ">
      <subfield code="a">Digital mapping</subfield>
   </datafield>
   <datafield tag="653" ind2=" " ind1=" ">
      <subfield code="a">Robot vision</subfield>
   </datafield>
   <datafield tag="653" ind2=" " ind1=" ">
      <subfield code="a">Persones amb discapacitat visual</subfield>
   </datafield>
   <datafield tag="653" ind2=" " ind1=" ">
      <subfield code="a">Cartografia digital</subfield>
   </datafield>
   <datafield tag="653" ind2=" " ind1=" ">
      <subfield code="a">Visió artificial (Robòtica)</subfield>
   </datafield>
   <datafield ind2="0" ind1="0" tag="245">
      <subfield code="a">Urban navigation based on visual odometry for people with low vision</subfield>
   </datafield>
</record></metadata></record></GetRecord></OAI-PMH>